000 00289nam a22001217a 4500
008 170131b xxu||||| |||| 00| 0 eng d
041 _aeng
080 _a61
100 _a3
101 _aSHM
245 _aTHE HAND/ A MANUAL AND ATLAS FOR THE GENERAL SURGEON
_cMARBLE, H.C
942 _2udc
_cBK
999 _c4137
_d4137